| 000 | 00809nam a22002297a 4500 | ||
|---|---|---|---|
| 005 | 20100802124814.0 | ||
| 010 | _aENG-97508 | ||
| 020 |
_a8178711516 _c350.00 |
||
| 035 | _aEN-81041 | ||
| 037 | _bDBAD/PUB | ||
| 082 | _a338.10954 | ||
| 100 |
_aGuruswamy, Mohan _95327 |
||
| 245 |
_aThe crisis in Indian agricuture: _ba critical study / _cby Mohan Guruswamy ,Uma Natrajan [and] Shagun khare |
||
| 260 |
_aGurgaon _bHope India _c2008 |
||
| 270 |
_bGurgaon _a85, Sector 23 _e122017 |
||
| 300 |
_a125p . _c23cm (Hb) |
||
| 700 |
_aNatrajan, Uma _94110 |
||
| 700 |
_aKhare, Shagun _94111 |
||
| 700 | _94112 | ||
| 942 |
_2ddc _cEN _h338.10954 _mGUR |
||
| 999 |
_c38625 _d38625 |
||